IJCAI-91 : Proceedings of the Twelfth International Conference on Artificial Intelligence, Darling Harbour, Sydney, Australia 24-30 August 1991

Αποθηκεύτηκε σε:
Λεπτομέρειες βιβλιογραφικής εγγραφής
Συγγραφή απο Οργανισμό/Αρχή: International Joint Conference on Artificial Intelligence Sydney, Australia
Άλλοι συγγραφείς: Mylopoulos, John (Επιμελητής έκδοσης), Reiter, Ray (Επιμελητής έκδοσης)
Μορφή: Πρακτικό Συνεδρίου Βιβλίο
Γλώσσα:English
Δημοσίευση: San Mateo, California : Morgan Kaufmann (Distributor), c1991.
Θέματα:
Ετικέτες: Προσθήκη ετικέτας
Δεν υπάρχουν, Καταχωρήστε ετικέτα πρώτοι!

MARC

LEADER 00000cam a2200000 i 4500
001 1/64121
008 960402s1991 cau| ||| |||| ||eng||
020 |a 1558601600 
035 |a 1995  |c ΔΑΡΖΕΝΤΑΣ  |l 10046909 
040 |a GR-MyUa  |b gre  |e AACR2 
041 0 |a eng 
082 7 |a 006.3   |2 (22) 
111 2 |a International Joint Conference on Artificial Intelligence   |n (12th :   |d 1991 :   |c Sydney, Australia) 
245 1 0 |a IJCAI-91 :   |b Proceedings of the Twelfth International Conference on Artificial Intelligence, Darling Harbour, Sydney, Australia 24-30 August 1991 /   |c Sponsored by the International Joint Conferences on Artificial Intelligence, Co-sponsored and hosted by the National Committee on Artificial Intelligence and Expert Systems (NCAIES) of the Australian Computer Society (ACS) ; edited by John Mylopoulos and Ray Reiter. 
260 |a San Mateo, California :   |b Morgan Kaufmann (Distributor),   |c c1991. 
300 |a 2 τ. ;   |c 28 εκ. 
500 |a Περιλαμβάνει βιβλιογραφικές παραπομπές και ευρετήριο. 
650 0 0 |a Artificial intelligence  |x Congresses. 
700 1 |a Mylopoulos, John,  |e edt 
700 1 |a Reiter, Ray,  |e edt 
852 |a INST  |b SAMOS  |e 19960402  |h 006.3 INT  |p 005300005851  |q 005300005851  |t BK  |y 0  |z v.1 
852 |a INST  |b SAMOS  |e 19960402  |h 006.3 INT  |p 005300005854  |q 005300005854  |t BK  |y 0  |z v.2 
852 |a INST  |b SAMOS  |e 19960402  |h 006.3 INT  |p 005300005851  |q 005300005851  |t BK  |v v.1:  |y 0  |z v.1 
852 |a INST  |b SAMOS  |e 19960402  |h 006.3 INT  |p 005300005854  |q 005300005854  |t BK  |v v.2:  |y 0  |z v.2 
853 |a INST  |b SAMOS  |h 006.3 INT